Guess the Rapper - Statistics

General Stats
  • This quiz has been taken 6 times
  • The average score is 82 of 200
Answer Stats
Songs Answer % Correct
One Take Freestyle 1900Rugrat
100%
Swimming Pools (Drank) Kendrick Lamar
100%
New Drank LUCKI
100%
No Smoke NBA YoungBoy
100%
Shotta Flow NLE Choppa
100%
Murder On My Mind YNW Melly
100%
Red Opps 21 Savage
50%
Valentino 24kGoldn
50%
Duffle Bag Boy 2 Chainz
50%
Brenda's Got a Baby 2Pac
50%
Bent 41
50%
In Da Club 50 Cent
50%
Poles 1469 6ix9ine
50%
Plain Jane A$AP Ferg
50%
Peso A$AP Rocky
50%
Lonely Akon
50%
I Left My Wallet in El Segundo A Tribe Called Quest
50%
Rollin BabyChiefDoIt
50%
Real N*ggas Don't Rap Babyface Ray
50%
Orange Soda Baby Keem
50%
Johnny P's Caddy Benny the Butcher
50%
These Heaux Bhad Bhabie
50%
Put It On Big L
50%
Texas BigXthaPlug
50%
Ahhh Bloodhound Lil Jeff
50%
Thotiana Blueface
50%
Hot N*gga Bobby Shmurda
50%
Thuggish Ruggish Bone Bone Thugs-N-Harmony
50%
Wipe Me Down Boosie Badazz
50%
Get in With Me Bossman DLow
50%
3-5-7 Cam'ron
50%
Bodak Yellow Cardi B
50%
I Don't Like Chief Keef
50%
3005 Childish Gambino
50%
Grindin’ Clipse / Pusha T / Malice
50%
Gangsta's Paradise Coolio
50%
Suge DaBaby
50%
Panda Desiigner
50%
Ruff Ryders' Anthem DMX
50%
Mooo! Doja Cat
50%
Can't Say Don Toliver
50%
Best I Ever Had Drake
50%
Back2Serve"n El Snappo
50%
My Name Is Eminem
50%
Real as It Gets EST Gee
50%
Pick it Up Famous Dex
50%
Flow Joe Fat Joe
50%
Trap Queen Fetty Wap
50%
Big Drip Fivio Foreign
50%
Beef FloMix Flo Milli
50%
Voodoo Foolio
50%
Oouuh Fredo Bang
50%
Choppa Choppa Down French Montana
50%
Tony Montana Future
50%
Runaround Sue G-Eazy
50%
Kill Shit G Herbo
50%
Icy Gucci Mane
50%
Drip or Drown Gunna
50%
Don't Need Time Hotboii
50%
Let's Get It Hunxho
50%
Munch (Feelin' U) Ice Spice
50%
Dance With the Devil Immortal Technique
50%
What's Poppin? Jack Harlow
50%
23 Island JayDaYoungan
50%
A Star is Born J. Cole
50%
Never J.I.D.
50%
Lucid Dreams Juice WRLD
50%
Through the Wire Kanye West
50%
Brotherly Love Kay Flock
50%
MYB Kevin Gates
50%
Russian Cream Key Glock
50%
Day 'n' Nite Kid Cudi
50%
Crazy Story King Von
50%
No Flockin Kodak Black
50%
Jump Kriss Kross
50%
Sound of da Police KRS-One
50%
Bitch From da Souf Latto
50%
Freestyle Lil Baby
50%
Dis Ain't What You Want Lil Durk
50%
Brotherly Love Lil Gotit
50%
Nameless Lil Keed
50%
6locc 6a6y Lil Loaded
50%
Noticed Lil Mosey
50%
Old Town Road Lil Nas X
50%
Boss Lil Pump
50%
Red Roses Lil Skies
50%
Resume Lil Tjay
50%
Money Longer Lil Uzi Vert
50%
We On Fire Lil Wayne / Hot Boys
50%
One Night Lil Yachty
50%
First Show Luh Tyler
50%
Donald Trump Mac Miller
50%
U Can't Touch This MC Hammer
50%
Tupac Back Meek Mill
50%
Big Ole Freak Megan Thee Stallion
50%
Versace Migos / Offset / Takeoff / Quavo
50%
Hit It from the Back Mobb Deep
50%
24 Money Man
50%
Universal Magnetic Mos Def
50%
Who Want Smoke Nardo Wick
50%
Live at the BBQ Nas
50%
Joey Story Nino Paid
50%
Feelin' Myself Nipsey Hussle
50%
Ghetto Angels NoCap
50%
Straight Outta Compton N.W.A.
50%
Magnolia Playboi Carti
50%
Selfish PnB Rock
50%
Finer Things Polo G
50%
Main Slime Pooh Shiesty
50%
Welcome to the Party Pop Smoke
50%
White Iverson Post Malone
50%
I Remember Quando Rondo
50%
Ladies First Queen Latifah
50%
No Flex Zone Rae Sremmurd / Swae Lee / Slim Jxmmy
50%
Help Me Real Boston Richey
50%
Type Of Way Rich Homie Quan
50%
Plug Walk Rich The Kid
50%
Vulture Island V2 Rob49
50%
Die Young Roddy Ricch
50%
Heart on Ice Rod Wave
50%
Thang For You Rylo Rodriguez
50%
Pull Up Wit ah Stick SahBabii
50%
Roses SAINt JHN
50%
Pound Town Sexyy Red
50%
Mo Bamba Sheck Wes
50%
No Suburban 2 Sheff G
50%
Heat Stick Shoreline Mafia / OHGEESY / Fenix Flexin
50%
BabyWipe Ski Mask the Slump God
50%
GOD DAMN Skrilla
50%
Deep End Freestyle Sleepy Hallow
50%
Audi Smokepurpp
50%
Who Am I (What's My Name)? Snoop Dogg
50%
Knock Knock SoFaygo
50%
Crank That Soulja Boy Tell'em
50%
Lonely Speaker Knockerz
50%
Beat Box SpotemGottem
50%
The Race Tay-K47
50%
First Day Out Tee Grizzley
50%
Johnny Dang That Mexican O.T.
50%
Juicy The Notorious B.I.G.
50%
Rubber Band Man T.I.
50%
LIGHTS (LOVE SICK) Travis Scott
50%
Love Scars Trippie Redd
50%
Po Pimp Twista
50%
French! Tyler, the Creator
50%
Sorry Not Sorry Veeze
50%
Norf Norf Vince Staples
50%
O Let's Do It Waka Flocka Flame
50%
Black and Yellow Wiz Khalifa
50%
Protect Ya Neck Wu-Tang Clan
50%
Look At Me! XXXTENTACION
50%
Money So Big Yeat
50%
That's 0n Me Yella Beezy
50%
Toot It and Boot It YG
50%
5 Star Yo Gotti
50%
Ooouuu Young M.A
50%
Best Friend Young Thug
50%
Pain Yungeen Ace
50%
The Streets 42 Dugg
0%
My Shit A Boogie wit da Hoodie
0%
Big Eyez AntiDaMenace
0%
Lit Bas
0%
Safari Bia
0%
Punish Me Big Pun
0%
My Last Big Sean
0%
Just a Friend Biz Markie
0%
Break Ya Neck Busta Rhymes
0%
Windows Chance the Rapper
0%
Slide FBG Duck
0%
Nappy Heads Fugees
0%
F.N.F. (Let's Go) GloRilla
0%
Figure It Out ian
0%
Time to Build Ja Rule
0%
Show and Prove Jay-Z
0%
Shoot it Out Jdot Breezy
0%
Waves Joey Bada$$
0%
Asian Rock Lazerdim700
0%
That's My Name Lil Bow Wow
0%
Eternal Living Lil Poppa
0%
Love Me Lil Tecca
0%
All I Do Logic
0%
Gas Drawls MF Doom
0%
The Rain Missy Elliott
0%
Hold Ya Tongue MO3
0%
No Love Moneybagg Yo
0%
Take Me Simple NAV
0%
Super Bass Nicki Minaj
0%
Lay Down OMB Peezy
0%
Player's Ball Outkast
0%
You’re Gonna Get Yours Public Enemy
0%
Poppin Rico Nasty
0%
It's Like That Run-D.M.C.
0%
Collard Greens Schoolboy Q
0%
How We Do The Game
0%
Sippin On Some Syrup Three 6 Mafia
0%
Say It Tory Lanez
0%
Key To The Streets YFN Lucci
0%
Preach Young Dolph
0%
Yeah Yeah Young Nudy
0%
Colombia Young Scooter
0%
No matching quizzes found
Score Distribution
Percent of People with Each Score
Percentile by Number Answered
Your Score History
You have not taken this quiz